000 004680000a22001810004500
003 MACL
005 20150902124341.0
008 150902b xxu||||| |||| 00| 0 eng d
040 _aMACL
_cMACL
041 _aEnglish
082 _a800/KHA
100 _aKhan, Hazrat Inayat
_98086
245 _aThe Sufi Message
_bIndex To Volumes 13
260 _bMotilal Banarsidas Publishers
_c1990
_aNew Delhi
350 _a60
650 _aLiterature
_98496
942 _cBK
_k800
_2ddc
999 _c4878
_d4878